000 00647nam a22002292a 4500
001 22931
003 BD-RJUL
005 20211209000854.0
008 140309r19541926nyu 000 1 eng d
035 _a(BD-RJUL)22996
040 _aCSJ
_cCSJ
_dOCL
_dEQO
_beng
041 _aeng
082 _a813.4
_bJAT 1954
090 _aPS2116
_b.T8 1926
100 1 _aJames, Henry,
_d1843-1916.
_970709
245 1 4 _aThe turn of the screw :
_band Daisy Miller /
_cHenry James
260 _aNew York :
_bDell,
_c1926,1954
300 _a191 p. ;
_c17 cm
700 1 _aJames, Henry,
_d1843-1916.
_tDaisy Miller.
_970710
740 0 _aDaisy Miller
942 _2ddc
_cBK
999 _c22931
_d22931